000 00627 a2200217 4500
005 20250617071005.0
020 _a9780702049811
050 _aRC 815
_bODE 2017
100 _aOdell, E.W
_eauthor
245 _aCawson's Essentials of Oral Pathology and Oral Medicine /
_cE.W.Odell
250 _aninth
264 _aLondon :
_bElsevier,
_c2017
300 _a545 pages
_billustrations
336 _2rdacontent
_atext
_btxt
337 _2rdamedia
_aunmediated
_bn
338 _2rdacarrier
_avolume
_bnc
500 _aincludes index
650 _aOral Pathology
650 _aOral Medicine
942 _2lcc
_cBK
_eninth
_h815
_iODE
_kRC
999 _c11574
_d11574